[Event "3MCR_4D_2LB_2S"]
[Site "?"]
[Date "1999.??.??"]
[Round "2"]
[White "Svarc, Roman"]
[Black "Canibal, Jaromir"]
[Result "0-1"]
[WhiteElo "2050"]
[BlackElo "2005"]
[PlyCount "46"]
[EventDate "1999.??.??"]
[EventType "corr"]

1. c4 Nf6 2. Nc3 g6 3. e4 d6 4. d4 Bg7 5. f3 O-O 6. Be3 e5 7. d5 Nh5 8. Qd2 f5
9. O-O-O Nd7 10. Bd3 fxe4 11. Nxe4 Nf4 12. Bc2 Nf6 13. g4 b5 14. Nxf6+ Qxf6 15.
c5 dxc5 16. Bxc5 Rd8 17. Be4 Bb7 18. Qa5 Bxd5 19. Qxb5 Qe6 20. Be7 c6 21. Qb4
Bxe4 22. Bxd8 Nd3+ 23. Rxd3 Bxd3 0-1

[Event "3MCR_4D_2LB_2S"]
[Site "?"]
[Date "1999.??.??"]
[Round "2"]
[White "Krcmar, Jiri"]
[Black "Nigrin, Jiri"]
[Result "1-0"]
[WhiteElo "2240"]
[BlackElo "1945"]
[PlyCount "81"]
[EventDate "1999.??.??"]
[EventType "corr"]

1. e4 c5 2. c3 d5 3. exd5 Qxd5 4. d4 Nc6 5. Nf3 cxd4 6. cxd4 e5 7. dxe5 Qxd1+
8. Kxd1 Bg4 9. Be2 O-O-O+ 10. Kc2 Bf5+ 11. Kc3 Bb4+ 12. Kb3 Be6+ 13. Bc4 Rd3+
14. Nc3 Na5+ 15. Kxb4 Nxc4 16. Nb5 Ne7 17. Nxa7+ Kb8 18. Bg5 Nd5+ 19. Kxc4 Nf4+
20. Kb5 Nd5 21. Nc6+ bxc6+ 22. Kc5 Kc7 23. Ne1 Nf4 24. Nxd3 Nxd3+ 25. Kd4 Nxf2
26. Rhe1 c5+ 27. Ke3 Ng4+ 28. Kf4 Nxh2 29. Be7 Kb6 30. Red1 Re8 31. Rd6+ Kb7
32. Rxe6 fxe6 33. Bxc5 h5 34. Rh1 Ng4 35. Rxh5 Nh6 36. Rg5 Kc6 37. b4 Rg8 38.
Rg6 Kd5 39. a4 Nf7 40. a5 Nh8 41. Rg3 1-0

[Event "3MCR_4D_2LB_2S"]
[Site "?"]
[Date "1999.??.??"]
[Round "2"]
[White "Canibal, Jaromir"]
[Black "Obsivac, Jan"]
[Result "0-1"]
[WhiteElo "2005"]
[BlackElo "2400"]
[PlyCount "44"]
[EventDate "1999.??.??"]
[EventType "corr"]

1. e4 e6 2. d4 d5 3. Nd2 c5 4. exd5 Qxd5 5. Ngf3 cxd4 6. Bc4 Qd6 7. O-O Nf6 8.
Nb3 Nc6 9. Nbxd4 Nxd4 10. Nxd4 Bd7 11. Be3 Qc7 12. Qe2 a6 13. Nf5 O-O-O 14. Ng3
h5 15. Rfd1 Ng4 16. Nf1 Nxe3 17. Nxe3 Bd6 18. Rab1 Qa5 19. a3 Qe5 20. Nf1 Qg5
21. Ne3 Rh6 22. Bxa6 Rg6 0-1

[Event "3MCR_4D_2LB_2S"]
[Site "?"]
[Date "1999.??.??"]
[Round "2"]
[White "Obsivac, Jan"]
[Black "Krcmar, Jiri"]
[Result "1-0"]
[WhiteElo "2400"]
[BlackElo "2240"]
[PlyCount "73"]
[EventDate "1999.??.??"]
[EventType "corr"]

1. d4 Nf6 2. c4 c5 3. d5 e6 4. Nc3 exd5 5. cxd5 d6 6. e4 g6 7. Nf3 a6 8. a4 Bg4
9. Qb3 Qc7 10. Nd2 Bh6 11. Nc4 Bxc1 12. Rxc1 O-O 13. Bd3 Nh5 14. f3 Nf4 15. Bf1
Bc8 16. g3 Nh5 17. Qb6 Qxb6 18. Nxb6 Ra7 19. f4 Ng7 20. a5 Rd8 21. e5 dxe5 22.
fxe5 Bf5 23. Be2 h5 24. h3 g5 25. g4 hxg4 26. hxg4 Bg6 27. Rh6 Nd7 28. Nxd7
Rxd7 29. d6 Rd8 30. Bc4 Bh7 31. Kd2 Ne6 32. Bxe6 fxe6 33. Rxe6 b6 34. axb6 Rad7
35. Nd5 Be4 36. Ne7+ Kf7 37. Rf6+ 1-0

[Event "3MCR_4D_2LB_2S"]
[Site "?"]
[Date "1999.??.??"]
[Round "2"]
[White "Postupa, Pavel"]
[Black "Novotny, Petr"]
[Result "1/2-1/2"]
[WhiteElo "1910"]
[BlackElo "2150"]
[PlyCount "56"]
[EventDate "1999.??.??"]
[EventType "corr"]

1. e4 e5 2. Nf3 Nc6 3. Bb5 a6 4. Ba4 Nf6 5. O-O Nxe4 6. d4 b5 7. Bb3 d5 8. dxe5
Be6 9. c3 Be7 10. Nbd2 O-O 11. Bc2 f5 12. Nb3 Qd7 13. Nfd4 Nxd4 14. Nxd4 c5 15.
Nxe6 Qxe6 16. f3 Ng5 17. a4 b4 18. cxb4 Nf7 19. f4 c4 20. b3 Bxb4 21. Ba3 Bxa3
22. Rxa3 Rfd8 23. Qb1 Qe7 24. Ra2 Nh6 25. bxc4 Qc5+ 26. Kh1 Rab8 27. Rb2 Rxb2
28. Qxb2 dxc4 1/2-1/2

[Event "3MCR_4D_2LB_2S"]
[Site "?"]
[Date "1999.??.??"]
[Round "2"]
[White "Cakl, Zdenek"]
[Black "Nigrin, Jiri"]
[Result "1/2-1/2"]
[WhiteElo "2000"]
[BlackElo "1945"]
[PlyCount "57"]
[EventDate "1999.??.??"]
[EventType "corr"]

1. Nf3 d5 2. b3 Nf6 3. Bb2 g6 4. e3 Bg7 5. Be2 O-O 6. O-O c5 7. c4 dxc4 8. bxc4
Nc6 9. d4 Ne4 10. Nbd2 Bf5 11. Nb3 b6 12. Nh4 Nd6 13. Nxf5 Nxf5 14. Bf3 Rc8 15.
Bxc6 Rxc6 16. d5 Bxb2 17. Rb1 Rc8 18. Rxb2 Qd6 19. e4 Qe5 20. Re2 Nd6 21. Qd3
b5 22. Na5 Nxc4 23. Nxc4 bxc4 24. Qxc4 Rfd8 25. f4 Qd4+ 26. Qxd4 cxd4 27. Rd1
Rc4 28. Red2 Ra4 29. Rxd4 1/2-1/2

[Event "3MCR_4D_2LB_2S"]
[Site "?"]
[Date "1999.??.??"]
[Round "2"]
[White "Husak, Antonin"]
[Black "Cakl, Zdenek"]
[Result "1-0"]
[WhiteElo "1955"]
[BlackElo "2000"]
[PlyCount "51"]
[EventDate "1999.??.??"]
[EventType "corr"]

1. e4 c5 2. Nf3 Nc6 3. g3 d6 4. Bg2 g6 5. O-O Bg7 6. d3 e6 7. Nbd2 Nge7 8. c3
O-O 9. Nb3 f5 10. Bg5 e5 11. Nh4 fxe4 12. dxe4 Be6 13. Qe2 Qb6 14. Rfd1 Rad8
15. Rd2 h6 16. Be3 Bxb3 17. axb3 Qxb3 18. Bf1 Kh7 19. Qg4 Rf6 20. Ng2 b6 21.
Qh4 Rdf8 22. g4 Nc8 23. Bxh6 R6f7 24. Ne3 Na5 25. Nd5 Nc4 26. Rd3 1-0

[Event "3MCR_4D_2LB_2S"]
[Site "?"]
[Date "1999.??.??"]
[Round "2"]
[White "Veselsky, Michal"]
[Black "Husak, Antonin"]
[Result "0-1"]
[WhiteElo "1600"]
[BlackElo "1955"]
[PlyCount "56"]
[EventDate "1999.??.??"]
[EventType "corr"]

1. e4 c5 2. f4 Nc6 3. Nf3 g6 4. Bb5 Bg7 5. Bxc6 bxc6 6. d3 d6 7. O-O Rb8 8. Nc3
Nf6 9. e5 Nd5 10. Ne4 O-O 11. c3 f6 12. Qe1 Bg4 13. Qh4 Qd7 14. exd6 exd6 15.
h3 Bxf3 16. Rxf3 f5 17. Nd2 Rfe8 18. Rb1 Bf6 19. Qf2 Nb4 20. Ra1 Nc2 21. Rb1
Nd4 22. Re3 Rxe3 23. Qxe3 Re8 24. Qf2 Re2 25. Qf1 Qe6 26. Kh2 Re1 27. Qf2 Qe2
28. Qg3 Qd1 0-1

[Event "3MCR_4D_2LB_2S"]
[Site "?"]
[Date "1999.??.??"]
[Round "2"]
[White "Rachunek, Milan"]
[Black "Cakl, Zdenek"]
[Result "1/2-1/2"]
[WhiteElo "2165"]
[BlackElo "2000"]
[PlyCount "45"]
[EventDate "1999.??.??"]
[EventType "corr"]

1. d4 d5 2. c4 e6 3. Nc3 f5 4. Nf3 Nf6 5. Bg5 Be7 6. Qb3 c6 7. e3 O-O 8. Be2
Ne4 9. Bxe7 Qxe7 10. O-O Nd7 11. Rac1 Kh8 12. Qc2 Rf6 13. Bd3 b6 14. cxd5 exd5
15. Ne2 c5 16. Nf4 Bb7 17. dxc5 bxc5 18. b3 Rb6 19. Rfd1 Rc8 20. Be2 Qf7 21.
Nd2 Ndf6 22. Nxe4 fxe4 23. h4 1/2-1/2

[Event "3MCR_4D_2LB_2S"]
[Site "?"]
[Date "1999.??.??"]
[Round "2"]
[White "Svarc, Roman"]
[Black "Veselsky, Michal"]
[Result "1-0"]
[WhiteElo "2050"]
[BlackElo "1600"]
[PlyCount "48"]
[EventDate "1999.??.??"]
[EventType "corr"]

1. c4 e5 2. Nc3 f5 3. d4 exd4 4. Qxd4 Nc6 5. Qe3+ Kf7 6. Nh3 Be7 7. g3 Nf6 8.
Ng5+ Kg6 9. h4 h6 10. Nh3 Re8 11. Nf4+ Kf7 12. Bg2 Bb4 13. Qd2 Ne4 14. Qd5+ Kf6
15. Bxe4 Bxc3+ 16. bxc3 Rxe4 17. g4 d6 18. g5+ Ke7 19. Ng6+ Ke8 20. Qg8+ Kd7
21. Nf8+ Ke7 22. Qxg7+ Ke8 23. Nh7 Re6 24. g6 Ne5 1-0

[Event "3MCR_4D_2LB_2S"]
[Site "?"]
[Date "1999.??.??"]
[Round "2"]
[White "Svarc, Roman"]
[Black "Zelinka, Jiri"]
[Result "1-0"]
[WhiteElo "2050"]
[BlackElo "2000"]
[PlyCount "59"]
[EventDate "1999.??.??"]
[EventType "corr"]

1. c4 Nf6 2. Nc3 g6 3. e4 d6 4. d4 Bg7 5. f3 O-O 6. Be3 e5 7. d5 Nh5 8. Qd2 f5
9. O-O-O Nd7 10. Bd3 a6 11. Nge2 Nc5 12. Bc2 fxe4 13. Nxe4 Nxe4 14. Bxe4 Nf6
15. Bc2 Qe7 16. Ng3 b5 17. h4 bxc4 18. h5 Qf7 19. hxg6 hxg6 20. Bh6 Bd7 21. Rh4
Rab8 22. Rdh1 Be8 23. Bxg7 Qxg7 24. Rh6 a5 25. Bf5 gxf5 26. Nxf5 c3 27. bxc3
Bg6 28. Rxg6 Rb1+ 29. Kxb1 Qxg6 30. g4 1-0

[Event "3MCR_4D_2LB_2S"]
[Site "?"]
[Date "1999.??.??"]
[Round "2"]
[White "Postupa, Pavel"]
[Black "Canibal, Jaromir"]
[Result "1/2-1/2"]
[WhiteElo "1910"]
[BlackElo "2005"]
[PlyCount "47"]
[EventDate "1999.??.??"]
[EventType "corr"]

1. e4 e5 2. Nf3 Nf6 3. d4 Nxe4 4. Bd3 d5 5. Nxe5 Nd7 6. Nxd7 Bxd7 7. O-O Qh4 8.
c4 O-O-O 9. c5 g5 10. Be3 f5 11. f3 Nf6 12. c6 Bxc6 13. Bxf5+ Bd7 14. Qd2 h6
15. Bf2 Qh5 16. Bxd7+ Rxd7 17. Bg3 Bd6 18. Nc3 Re7 19. Bxd6 cxd6 20. Nb5 Kb8
21. Nxd6 Rd7 22. Nf5 Qg6 23. Ng3 h5 24. Rae1 1/2-1/2

[Event "3MCR_4D_2LB_2S"]
[Site "?"]
[Date "1999.??.??"]
[Round "2"]
[White "Veselsky, Michal"]
[Black "Obsivac, Jan"]
[Result "0-1"]
[WhiteElo "1600"]
[BlackElo "2400"]
[PlyCount "38"]
[EventDate "1999.??.??"]
[EventType "corr"]

1. e4 e6 2. d4 d5 3. Nc3 Nf6 4. Bg5 Be7 5. Bxf6 Bxf6 6. e5 Be7 7. Qg4 O-O 8.
Bd3 f5 9. Qh3 c5 10. dxc5 Nd7 11. f4 Nxc5 12. O-O-O Bd7 13. g4 d4 14. Nb1 Nxd3+
15. Rxd3 fxg4 16. Qxg4 Rxf4 17. Qh3 Bg5 18. Nd2 Bb5 19. Qxe6+ Kh8 0-1

[Event "3MCR_4D_2LB_2S"]
[Site "?"]
[Date "1999.??.??"]
[Round "2"]
[White "Rachunek, Milan"]
[Black "Canibal, Jaromir"]
[Result "1-0"]
[WhiteElo "2165"]
[BlackElo "2005"]
[PlyCount "59"]
[EventDate "1999.??.??"]
[EventType "corr"]

1. d4 Nf6 2. c4 c5 3. d5 e6 4. Nc3 exd5 5. cxd5 d6 6. e4 g6 7. Nf3 Bg7 8. h3
O-O 9. Bd3 Re8 10. O-O c4 11. Bxc4 Nxe4 12. Nxe4 Rxe4 13. Bg5 Qf8 14. Qc2 Re8
15. Rae1 Bf5 16. Rxe8 Qxe8 17. Qb3 Nd7 18. Qxb7 Nb6 19. Bb3 Bxb2 20. Re1 Qd7
21. Re7 Qxb7 22. Rxb7 Be4 23. Be3 Bxf3 24. gxf3 Ba3 25. Kf1 Bb4 26. Ke2 Bc5 27.
a4 Bxe3 28. fxe3 Nc8 29. a5 Kf8 30. Ba4 1-0

[Event "3MCR_4D_2LB_2S"]
[Site "?"]
[Date "1999.??.??"]
[Round "2"]
[White "Nigrin, Jiri"]
[Black "Svarc, Roman"]
[Result "1/2-1/2"]
[WhiteElo "1945"]
[BlackElo "2050"]
[PlyCount "49"]
[EventDate "1999.??.??"]
[EventType "corr"]

1. e4 c5 2. f4 g6 3. Nf3 Bg7 4. Nc3 Nc6 5. Bb5 Nd4 6. O-O a6 7. Bd3 d6 8. Nxd4
cxd4 9. Ne2 Nf6 10. b3 O-O 11. Bb2 e5 12. h3 d5 13. fxe5 Nxe4 14. Bxd4 Qg5 15.
Nf4 Bxe5 16. Bxe5 Qxe5 17. Qe2 Qd4+ 18. Kh2 Re8 19. Rae1 Bf5 20. c3 Qb6 21. g3
Nf6 22. Qg2 Rxe1 23. Rxe1 Be4 24. Bxe4 dxe4 25. d4 1/2-1/2

[Event "3MCR_4D_2LB_2S"]
[Site "?"]
[Date "1999.??.??"]
[Round "2"]
[White "Svarc, Roman"]
[Black "Obsivac, Jan"]
[Result "1-0"]
[WhiteElo "2050"]
[BlackElo "2400"]
[PlyCount "69"]
[EventDate "1999.??.??"]
[EventType "corr"]

1. c4 Nf6 2. Nc3 g6 3. d4 Bg7 4. e4 d6 5. f3 O-O 6. Be3 e5 7. d5 Nh5 8. Qd2
Qh4+ 9. g3 Nxg3 10. Qf2 Nxf1 11. Qxh4 Nxe3 12. Ke2 Nxc4 13. Rc1 Bd7 14. Nd1 Nb6
15. Ne3 c6 16. Nh3 cxd5 17. exd5 f6 18. Nf2 Bb5+ 19. Kd2 f5 20. Rhg1 Na6 21.
Nh3 f4 22. Ng4 Rae8 23. Nh6+ Bxh6 24. Qxh6 Re7 25. Ng5 Be8 26. h4 e4 27. h5 e3+
28. Ke2 Rf6 29. Ne4 Rxe4 30. fxe4 Nc5 31. hxg6 f3+ 32. Kxe3 Bxg6 33. Qh4 Rf8
34. b4 f2 35. Rxg6+ 1-0

[Event "3MCR_4D_2LB_2S"]
[Site "?"]
[Date "1999.??.??"]
[Round "2"]
[White "Husak, Antonin"]
[Black "Svarc, Roman"]
[Result "1-0"]
[WhiteElo "1955"]
[BlackElo "2050"]
[PlyCount "55"]
[EventDate "1999.??.??"]
[EventType "corr"]

1. e4 c5 2. Nf3 Nc6 3. d4 cxd4 4. Nxd4 Nf6 5. Nc3 e5 6. Ndb5 d6 7. Bg5 a6 8.
Bxf6 gxf6 9. Na3 f5 10. Qh5 b5 11. Naxb5 axb5 12. Bxb5 Bb7 13. Bc4 Qd7 14. Nd5
Bg7 15. exf5 Qd8 16. O-O Na5 17. Bb5+ Kf8 18. Rfd1 Rc8 19. Ne3 Rb8 20. b4 Bc6
21. c4 Bxb5 22. cxb5 Nb7 23. a4 e4 24. Rac1 h6 25. Nd5 Be5 26. f6 Rh7 27. Qf5
Rh8 28. Rc7 1-0

[Event "3MCR_4D_2LB_2S"]
[Site "?"]
[Date "1999.??.??"]
[Round "2"]
[White "Husak, Antonin"]
[Black "Humpolak, Jiri"]
[Result "1-0"]
[WhiteElo "1955"]
[BlackElo "1815"]
[PlyCount "57"]
[EventDate "1999.??.??"]
[EventType "corr"]

1. e4 e5 2. Nf3 Nc6 3. Bb5 a6 4. Ba4 Nf6 5. O-O Be7 6. Re1 b5 7. Bb3 O-O 8. c3
d6 9. h3 Bd7 10. d3 h6 11. Nbd2 Qc8 12. Nf1 Be6 13. Bc2 Nh7 14. d4 exd4 15.
cxd4 Bd7 16. a3 Re8 17. Qd3 b4 18. Ne3 Rf8 19. e5 f5 20. Qc4+ Kh8 21. e6 Be8
22. d5 Na7 23. Nxf5 Qd8 24. Qg4 Rg8 25. Qxb4 Nf6 26. Qh4 Nxd5 27. Nxe7 Qxe7 28.
Bg5 Nf6 29. Bxf6 1-0

[Event "3MCR_4D_2LB_2S"]
[Site "?"]
[Date "1999.??.??"]
[Round "2"]
[White "Krcmar, Jiri"]
[Black "Necesany, Zdenek"]
[Result "1/2-1/2"]
[WhiteElo "2240"]
[BlackElo "2260"]
[PlyCount "80"]
[EventDate "1999.??.??"]
[EventType "corr"]

1. e4 e5 2. Nf3 Nc6 3. Bb5 a6 4. Ba4 Nf6 5. O-O Be7 6. Re1 b5 7. Bb3 d6 8. c3
O-O 9. h3 Na5 10. Bc2 c5 11. d4 cxd4 12. cxd4 Bb7 13. Nc3 Qc7 14. Qe2 Rac8 15.
Bd3 Rfe8 16. Bg5 Nc4 17. Rac1 h6 18. Bxf6 Bxf6 19. Nd5 Bxd5 20. exd5 Qb8 21.
Qe4 g6 22. Bxc4 bxc4 23. dxe5 Bxe5 24. Nxe5 Rxe5 25. Qd4 Rxe1+ 26. Rxe1 Qc7 27.
Rc1 Qc5 28. Qd2 a5 29. Rc3 Qb4 30. b3 Rc5 31. Qe3 Kh7 32. bxc4 Rxc4 33. Rb3 Qa4
34. Kh2 Rc5 35. Rb7 Kg7 36. Qf3 Qe8 37. g3 Rc2 38. a3 Rc5 39. Ra7 a4 40. Kg2
Kg8 1/2-1/2

[Event "3MCR_4D_2LB_2S"]
[Site "?"]
[Date "1999.??.??"]
[Round "2"]
[White "Veselsky, Michal"]
[Black "Krcmar, Jiri"]
[Result "1/2-1/2"]
[WhiteElo "1600"]
[BlackElo "2240"]
[PlyCount "53"]
[EventDate "1999.??.??"]
[EventType "corr"]

1. e4 e5 2. f4 exf4 3. Nf3 g5 4. h4 g4 5. Ne5 d6 6. Nxg4 Nf6 7. Nxf6+ Qxf6 8.
Nc3 c6 9. Be2 Bh6 10. d4 Bg7 11. Bg4 Bd7 12. Qf3 Qxd4 13. Bxf4 Rg8 14. Rd1 Bxg4
15. Qxg4 Qxc3+ 16. Bd2 Qf6 17. Bg5 Qd8 18. Rxd6 Qc7 19. Ke2 Na6 20. Rhd1 Bf8
21. Rd7 Rxg5 22. hxg5 Qe5 23. c3 Nc5 24. Rxb7 Bd6 25. Rb4 Ne6 26. Rb7 Nc5 27.
Rb4 1/2-1/2

[Event "3MCR_4D_2LB_2S"]
[Site "?"]
[Date "1999.??.??"]
[Round "2"]
[White "Postupa, Pavel"]
[Black "Krcmar, Jiri"]
[Result "1-0"]
[WhiteElo "1910"]
[BlackElo "2240"]
[PlyCount "51"]
[EventDate "1999.??.??"]
[EventType "corr"]

1. e4 e5 2. Nf3 d6 3. d4 exd4 4. Qxd4 Nf6 5. e5 Qe7 6. Be2 Nc6 7. exf6 Nxd4 8.
fxe7 Nxc2+ 9. Kd1 Nxa1 10. exf8=Q+ Rxf8 11. Re1 Kd8 12. b3 Bf5 13. Na3 Re8 14.
Bb2 Nxb3 15. axb3 f6 16. Nd4 Bd7 17. g4 a5 18. Bf3 Rxe1+ 19. Kxe1 a4 20. b4 c5
21. bxc5 dxc5 22. Ndb5 Ra6 23. Kd2 Rb6 24. Be2 h6 25. f3 Be8 26. Bc4 1-0

[Event "3MCR_4D_2LB_2S"]
[Site "?"]
[Date "1999.??.??"]
[Round "2"]
[White "Obsivac, Jan"]
[Black "Necesany, Zdenek"]
[Result "1/2-1/2"]
[WhiteElo "2400"]
[BlackElo "2260"]
[PlyCount "62"]
[EventDate "1999.??.??"]
[EventType "corr"]

1. d4 d5 2. c4 c6 3. Nf3 Nf6 4. Nc3 e6 5. e3 Nbd7 6. Qc2 Bd6 7. b3 O-O 8. Bb2
b6 9. Be2 Bb7 10. O-O Qc7 11. Rac1 Rac8 12. Qb1 Qb8 13. e4 dxe4 14. Nxe4 Bf4
15. Rcd1 Nxe4 16. Qxe4 Nf6 17. Qb1 Qc7 18. Rfe1 Rcd8 19. Bd3 Rfe8 20. Ne5 c5
21. dxc5 Qxc5 22. Qc2 Rd6 23. Qe2 Red8 24. Bc3 Qc7 25. Bc2 Rxd1 26. Rxd1 Rxd1+
27. Qxd1 Nd5 28. cxd5 Bxe5 29. Bxe5 Qxe5 30. dxe6 fxe6 31. h3 Bd5 1/2-1/2

[Event "3MCR_4D_2LB_2S"]
[Site "?"]
[Date "1999.??.??"]
[Round "2"]
[White "Obsivac, Jan"]
[Black "Kus, Pavel"]
[Result "1-0"]
[WhiteElo "2400"]
[BlackElo "2140"]
[PlyCount "47"]
[EventDate "1999.??.??"]
[EventType "corr"]

1. d4 Nf6 2. c4 e6 3. Nc3 Bb4 4. Nf3 b6 5. Qb3 c5 6. a3 Ba5 7. Bg5 Bb7 8. e3 h6
9. Bh4 O-O 10. Rd1 cxd4 11. Rxd4 d6 12. Be2 Qe7 13. O-O Nbd7 14. Nb5 e5 15.
Rdd1 g5 16. Nxd6 Bxf3 17. Bxf3 e4 18. Nf5 Qc5 19. Nxh6+ Kg7 20. Bxe4 Nxe4 21.
Rxd7 Nf6 22. Rd6 gxh4 23. Qc2 Qe5 24. Nf5+ 1-0

[Event "3MCR_4D_2LB_2S"]
[Site "?"]
[Date "1999.??.??"]
[Round "2"]
[White "Husak, Antonin"]
[Black "Necesany, Zdenek"]
[Result "1-0"]
[WhiteElo "1955"]
[BlackElo "2260"]
[PlyCount "69"]
[EventDate "1999.??.??"]
[EventType "corr"]

1. e4 e5 2. Nf3 Nc6 3. Bb5 a6 4. Ba4 Nf6 5. O-O Be7 6. Re1 b5 7. Bb3 d6 8. c3
O-O 9. h3 Na5 10. Bc2 c5 11. d3 Nc6 12. Nbd2 Be6 13. Nf1 h6 14. Ng3 Qc7 15. Nh4
Rfc8 16. Nhf5 a5 17. Nh5 Bxf5 18. Nxf6+ Bxf6 19. exf5 d5 20. Qg4 Kh7 21. Qh5 a4
22. a3 c4 23. g4 Kg8 24. h4 cxd3 25. Bxd3 e4 26. g5 hxg5 27. hxg5 Bxg5 28. Bxg5
f6 29. Bxb5 fxg5 30. Rxe4 Rab8 31. Bxc6 Qxc6 32. Re6 Qc7 33. Qxg5 Rxb2 34. Rae1
Rb6 35. Qg6 1-0

[Event "3MCR_4D_2LB_2S"]
[Site "?"]
[Date "1999.??.??"]
[Round "2"]
[White "Cakl, Zdenek"]
[Black "Kus, Pavel"]
[Result "1-0"]
[WhiteElo "2000"]
[BlackElo "2140"]
[PlyCount "49"]
[EventDate "1999.??.??"]
[EventType "corr"]

1. Nf3 Nf6 2. b3 g6 3. Bb2 Bg7 4. e3 O-O 5. Be2 d6 6. O-O Nbd7 7. c4 e5 8. d4
Qe7 9. Nc3 c6 10. Ba3 e4 11. Nd2 Re8 12. Re1 c5 13. f3 Bh6 14. Nf1 b6 15. fxe4
Bb7 16. e5 dxe5 17. d5 e4 18. Qd2 a6 19. Ng3 Qd6 20. Rf1 Re7 21. Rab1 Rb8 22.
b4 Ree8 23. bxc5 bxc5 24. Kh1 Ba8 25. Rxb8 1-0

[Event "3MCR_4D_2LB_2S"]
[Site "?"]
[Date "1999.??.??"]
[Round "2"]
[White "Rachunek, Milan"]
[Black "Veselsky, Michal"]
[Result "1-0"]
[WhiteElo "2165"]
[BlackElo "1600"]
[PlyCount "54"]
[EventDate "1999.??.??"]
[EventType "corr"]

1. d4 f5 2. c4 e6 3. Nc3 Nf6 4. Bg5 Be7 5. Nf3 O-O 6. e3 d5 7. Bd3 c6 8. O-O
Nbd7 9. cxd5 cxd5 10. Rc1 Nb6 11. Ne5 Bd7 12. Qb3 Rc8 13. a4 Bc6 14. Bf4 Bd6
15. a5 Na8 16. a6 b6 17. Nxc6 Rxc6 18. Nxd5 Rxc1 19. Nxf6+ Qxf6 20. Rxc1 Bxf4
21. exf4 Kh8 22. Qb4 Rd8 23. Rc6 h6 24. Qc4 Rxd4 25. Rc8+ Kh7 26. Qc3 Rd7 27.
Qxf6 Rxd3 1-0

[Event "3MCR_4D_2LB_2S"]
[Site "?"]
[Date "1999.??.??"]
[Round "2"]
[White "Nigrin, Jiri"]
[Black "Humpolak, Jiri"]
[Result "1/2-1/2"]
[WhiteElo "1945"]
[BlackElo "1815"]
[PlyCount "69"]
[EventDate "1999.??.??"]
[EventType "corr"]

1. e4 e5 2. Nf3 Nc6 3. d4 exd4 4. Nxd4 Bc5 5. Be3 Qf6 6. c3 Nge7 7. Be2 Bb6 8.
O-O d6 9. Na3 Qg6 10. Bf3 Ne5 11. Re1 Bd7 12. Nac2 h5 13. a4 a5 14. h4 Bg4 15.
Bf4 O-O-O 16. Bxg4+ hxg4 17. Bg3 f5 18. exf5 Nxf5 19. Nxf5 Qxf5 20. Ne3 Qh5 21.
Bxe5 Bxe3 22. Bg3 Bg5 23. Re4 Bxh4 24. Qxg4+ Qxg4 25. Rxg4 Bf6 26. Re1 Rh7 27.
Rge4 Kd7 28. f3 Rdh8 29. Kf2 Rh1 30. Rxh1 Rxh1 31. Re1 Rxe1 32. Kxe1 Kc6 33.
Ke2 Kd5 34. Kd3 Bg5 35. f4 1/2-1/2

[Event "3MCR_4D_2LB_2S"]
[Site "?"]
[Date "1999.??.??"]
[Round "2"]
[White "Canibal, Jaromir"]
[Black "Kus, Pavel"]
[Result "1-0"]
[WhiteElo "2005"]
[BlackElo "2140"]
[PlyCount "57"]
[EventDate "1999.??.??"]
[EventType "corr"]

1. e4 c5 2. c3 d5 3. exd5 Qxd5 4. d4 Nf6 5. Nf3 e6 6. Na3 Qd8 7. Nc4 Be7 8. Bd3
O-O 9. dxc5 Bxc5 10. O-O b6 11. Bg5 Ba6 12. Qe2 Nbd7 13. Rad1 Qc7 14. Rfe1 Bb7
15. b4 Be7 16. Nd4 Bd5 17. Nb5 Qc6 18. Ne3 a6 19. Nxd5 exd5 20. Qd2 axb5 21.
Rxe7 Rfe8 22. Rde1 Rxe7 23. Rxe7 Kf8 24. Qe1 h6 25. Bd2 Rxa2 26. Re3 Kg8 27. f3
Nf8 28. Bb1 Ra8 29. Bc1 1-0

[Event "3MCR_4D_2LB_2S"]
[Site "?"]
[Date "1999.??.??"]
[Round "2"]
[White "Canibal, Jaromir"]
[Black "Cakl, Zdenek"]
[Result "1-0"]
[WhiteElo "2005"]
[BlackElo "2000"]
[PlyCount "63"]
[EventDate "1999.??.??"]
[EventType "corr"]

1. e4 c5 2. c3 d5 3. exd5 Qxd5 4. d4 Nf6 5. Nf3 Nc6 6. Na3 Bg4 7. Be2 cxd4 8.
Nb5 O-O-O 9. Nbxd4 e5 10. Nxc6 Qxc6 11. Qc2 Bd6 12. Be3 Kb8 13. O-O h6 14. a4
Be6 15. Rad1 g5 16. Rfe1 Ng4 17. Bf1 Nxe3 18. Rxe3 f6 19. Bd3 Bc5 20. Ree1 Bd5
21. b4 Bxf3 22. gxf3 Be7 23. Be4 Qc4 24. Re3 h5 25. Red3 Qe6 26. Bf5 Qa6 27.
Rd7 Rxd7 28. Rxd7 Bd8 29. Be4 Bc7 30. Qb3 Qb6 31. Rd5 Qa6 32. Bd3 1-0

[Event "3MCR_4D_2LB_2S"]
[Site "?"]
[Date "1999.??.??"]
[Round "2"]
[White "Nigrin, Jiri"]
[Black "Postupa, Pavel"]
[Result "1-0"]
[WhiteElo "1945"]
[BlackElo "1910"]
[PlyCount "51"]
[EventDate "1999.??.??"]
[EventType "corr"]

1. e4 e5 2. Nf3 Nc6 3. d4 exd4 4. Nxd4 Bc5 5. Be3 Qf6 6. c3 Nge7 7. Bc4 b6 8.
O-O Bb7 9. b4 Nxd4 10. cxd4 Bxb4 11. a3 Ba5 12. d5 c5 13. Nd2 Bc3 14. Rb1 O-O
15. Nf3 Rac8 16. Qa4 Rc7 17. Rfc1 Be5 18. Bg5 Qd6 19. Nxe5 Qxe5 20. Bxe7 Qxe7
21. Qxa7 Ra8 22. Qxb6 d6 23. Rb3 Bc8 24. e5 Rd7 25. Bb5 Rd8 26. Bc6 1-0

[Event "3MCR_4D_2LB_2S"]
[Site "?"]
[Date "1999.??.??"]
[Round "2"]
[White "Novotny, Petr"]
[Black "Husak, Antonin"]
[Result "0-1"]
[WhiteElo "2150"]
[BlackElo "1955"]
[PlyCount "80"]
[EventDate "1999.??.??"]
[EventType "corr"]

1. e4 c5 2. Nf3 Nc6 3. Bb5 g6 4. O-O Bg7 5. c3 e5 6. d4 cxd4 7. cxd4 exd4 8.
Bf4 Nge7 9. Bd6 O-O 10. Nbd2 b6 11. Re1 Bb7 12. Rc1 a6 13. Bc4 b5 14. Bd5 Bh6
15. Nxd4 Re8 16. N4b3 Nxd5 17. exd5 Rxe1+ 18. Qxe1 Na7 19. Qe4 Bxd2 20. Rc7 Bb4
21. Bf4 Qf8 22. h3 Re8 23. Qd4 Nc6 24. dxc6 Bxc6 25. Qd3 Qe7 26. Bg3 Qf6 27. a3
Bf8 28. Na5 Ba8 29. Qc3 Qxc3 30. Rxc3 Bg7 31. Rc2 d5 32. f3 d4 33. Rd2 Bd5 34.
b3 Rc8 35. Bd6 f5 36. Kf2 Kf7 37. Bb4 Bf6 38. Ke2 Re8+ 39. Kd3 Re3+ 40. Kc2 f4
0-1

[Event "3MCR_4D_2LB_2S"]
[Site "?"]
[Date "1999.??.??"]
[Round "2"]
[White "Husak, Antonin"]
[Black "Rachunek, Milan"]
[Result "1/2-1/2"]
[WhiteElo "1955"]
[BlackElo "2165"]
[PlyCount "64"]
[EventDate "1999.??.??"]
[EventType "corr"]

1. e4 c6 2. d4 d5 3. Nd2 dxe4 4. Nxe4 Nd7 5. Nf3 Ngf6 6. Ng3 e6 7. Bd3 c5 8.
O-O Be7 9. b3 O-O 10. Bb2 b6 11. Qe2 Bb7 12. c4 cxd4 13. Nxd4 Qc7 14. Rad1 Nc5
15. Bc2 Rfd8 16. Rfe1 Bf8 17. Nh5 Nxh5 18. Qxh5 g6 19. Qg4 Bg7 20. Nb5 Qe7 21.
Bxg7 Kxg7 22. b4 a6 23. Nd4 Nd7 24. a3 Rac8 25. Re3 Kh8 26. Nxe6 fxe6 27. Rxe6
Qg7 28. Red6 Bc6 29. Qh3 Qe7 30. Re6 Qf7 31. Rdd6 Qg7 32. Rxg6 Re8 1/2-1/2

[Event "3MCR_4D_2LB_2S"]
[Site "?"]
[Date "1999.??.??"]
[Round "2"]
[White "Novotny, Petr"]
[Black "Obsivac, Jan"]
[Result "0-1"]
[WhiteElo "2150"]
[BlackElo "2400"]
[PlyCount "84"]
[EventDate "1999.??.??"]
[EventType "corr"]

1. e4 e6 2. d4 d5 3. Nd2 Nf6 4. e5 Nfd7 5. Bd3 c5 6. c3 b6 7. Ne2 Ba6 8. Bxa6
Nxa6 9. O-O Nc7 10. Nf4 c4 11. b3 b5 12. Qg4 g6 13. Nf3 Nb6 14. Ne2 h6 15. Rb1
Be7 16. Re1 a5 17. Bf4 Rb8 18. Qh3 Kd7 19. Be3 Qg8 20. Qg4 Qh7 21. h3 g5 22.
Nd2 h5 23. Qg3 Rbg8 24. Qh2 Qg6 25. g3 Ra8 26. f4 cxb3 27. axb3 g4 28. h4 a4
29. Qf2 Qf5 30. Ra1 axb3 31. Nxb3 Nc4 32. Nc5+ Kc6 33. Rec1 Rxa1 34. Rxa1 Ra8
35. Rxa8 Nxa8 36. Bc1 Nab6 37. Na6 Na4 38. Nb4+ Kb7 39. Qg2 Kb6 40. Nxd5+ exd5
41. Qxd5 Qc2 42. Qa8 Na5 0-1